| 000 | 00384cam a22001337a 4500 | ||
|---|---|---|---|
| 008 | 180718b1967 xxu||||| |||| 00| 0 eng d | ||
| 082 | _aA72x54 M962 | ||
| 100 | _aMurray, David Stark | ||
| 245 |
_aIndia: which century? _cby Daivd Stark Murray |
||
| 260 |
_aLondon _bGollancz _c1967 |
||
| 300 | _a185p. | ||
| 650 | _aIndia - Social Conditions | ||
| 650 | _aIndia - Description and Travel | ||
| 999 |
_c374679 _d374679 |
||